| 000 | 00930nam a2200229Ia 4500 | ||
|---|---|---|---|
| 999 |
_c40211 _d40211 |
||
| 001 | 6818 | ||
| 003 | GE_BSU | ||
| 005 | 20200121155906.0 | ||
| 008 | 181216s1972||||ge |||||||||||||| ||geo|| | ||
| 040 | _cGE_BSU | ||
| 041 | _ageo | ||
| 080 | _a821.353.1-31 გ-61 | ||
| 100 |
_aგოგოლაძე, თენგიზ. _96274 |
||
| 245 |
_aჟამი ჩვენი : _bრომანი / _cთენგიზ გოგოლაძე ; რედ. ქ. თავაძე ; მხატვ. გ. წერეთელი. |
||
| 264 |
_aთბილისი : _bსაბჭ.საქართველო, _c1972. |
||
| 300 |
_a282 გვ. : _bილ. ; _c17 სმ. |
||
| 653 | _aჟამი ჩვენი | ||
| 653 | _aრომანი | ||
| 700 |
_aთავაძე, ქ. _eრედაქტორი _93956 |
||
| 700 |
_aწერეთელი, გ. _eმხატვარი _96275 |
||
| 942 |
_cBK _2udc |
||